Statistics for Countries Claiming Territories

Click here to take the quiz!

General Stats

  • This quiz has been taken 37 times
    (36 since last reset)
  • The average score is 88 of 109

Answer Stats

Country% Correct
France
100%
United Kingdom
100%
India
97%
Russia
97%
United States
97%
Canada
94%
China
94%
Egypt
94%
Morocco
94%
Pakistan
94%
Portugal
94%
Serbia
94%
Spain
94%
Sudan
94%
Argentina
90%
Brazil
90%
D. R. Congo
90%
Iraq
90%
Israel
90%
Italy
90%
Saudi Arabia
90%
South Korea
90%
Ukraine
90%
Armenia
87%
Australia
87%
Azerbaijan
87%
Bangladesh
87%
Chile
87%
Croatia
87%
Georgia
87%
Indonesia
87%
Iran
87%
Kazakhstan
87%
Kosovo
87%
Myanmar
87%
Nepal
87%
North Korea
87%
Syria
87%
Taiwan
87%
Thailand
87%
Turkey
87%
United Arab Emirates
87%
Venezuela
87%
Yemen
87%
Belize
84%
Colombia
84%
Denmark
84%
Ireland
84%
Laos
84%
Madagascar
84%
New Zealand
84%
Oman
84%
R. Congo
84%
Somalia
84%
South Sudan
84%
Bosnia and Herzegovina
81%
Cambodia
81%
Cyprus
81%
Greece
81%
Guyana
81%
Japan
81%
Kuwait
81%
Lebanon
81%
Malaysia
81%
Philippines
81%
Qatar
81%
Slovenia
81%
South Africa
81%
Suriname
81%
Uruguay
81%
Uzbekistan
81%
Bahrain
77%
Comoros
77%
Eritrea
77%
Kenya
77%
Montenegro
77%
Nigeria
77%
Tajikistan
77%
Gabon
74%
Guatemala
74%
Iceland
74%
Kyrgyzstan
74%
Malawi
74%
Tanzania
74%
Bolivia
71%
Burundi
71%
Cameroon
71%
Djibouti
71%
El Salvador
71%
Honduras
71%
Mauritius
71%
Nicaragua
71%
Rwanda
71%
Singapore
71%
Uganda
71%
Zambia
71%
Eswatini
68%
Guinea
68%
Benin
65%
Burkina Faso
65%
Equatorial Guinea
65%
Fiji
61%
Ivory Coast
61%
Seychelles
61%
Vanuatu
61%
Maldives
58%
Tonga
58%
Marshall Islands
55%
Jamaica
52%

Score Distribution

Percentile by Number Answered

Percent of People with Each Score

Your Score History

You have not taken this quiz since the last reset